01765nam a22004094a 4500001001200000003000800012006001900020007001500039008004100054010001700095015001900112016001800131020004000149020004300189040002100232035002100253043001200274050002300286082001800309100001800327245010800345246002000453260005900473300001100532504006400543505022800607533015200835650003400987650004401021650003401065650003101099651003601130655002901166710001701195856012601212999001701338ebr10284082CaPaEBRm u cr cn|||||||||051014s2006 nju sb 001 0 eng  z 2005030005 aGBA6191552bnb7 z0133917162Uk z0691120420 (hardcover : alk. paper) z9780691120423 (hardcover : alk. paper) aCaPaEBRcCaPaEBR a(OCoLC)355805186 an-us---14aNX735b.C68 2006eb04a700.79/732221 aCowen, Tyler.10aGood & plentyh[electronic resource] :bthe creative successes of American arts funding /cTyler Cowen.3 aGood and plenty aPrinceton, N.J. :bPrinceton University Press,cc2006. a196 p. aIncludes bibliographical references (p. 169-188) and index.0 aWarring perspectives -- Indirect subsidies: the genius of the American system -- Direct subsidies: are they too conservative? -- Copyright and the future of decentralized incentives -- Toward a beautiful and liberal future. aElectronic reproduction.bPalo Alto, Calif. :cebrary,d2013.nAvailable via World Wide Web.nAccess may be limited to ebrary affiliated libraries. 0aArt and statezUnited States. 0aFederal aid to the artszUnited States. 0aAestheticsxEconomic aspects. 0aCulturexEconomic aspects. 0aUnited StatesxCultural policy. 7aElectronic books.2local2 aebrary, Inc.40uhttp://site.ebrary.com/lib/rucke/Doc?id=10284082zAn electronic book accessible through the World Wide Web; click to view c17470d17470